000 01253nam a2200337 i 4500
003 CSPC
005 20260224132125.0
008 260224c2023 ph r p i 00 0 eng d
022 _a1908-3297
022 _a2508-0830
040 _aCSPC
_beng
_cCSPC
_erda
245 0 0 _aAnalysis of the fintech landscape in the Philippines.
264 1 _aQuezon, City :
_bPhilippine Institute for Development Studies,
_c2023.
300 _avolumes :
_billustrations ;
_c23 cm.
336 _2rdacontent
_atext
337 _2rdamedia
_aunmediated
338 _2rdacarrier
_avolumes
362 _aNumber 1
490 1 _aResearch paper series no. 2023-01.
504 _aIncludes bibliographical references
650 4 _aFinancial technology
_xPeriodicals.
_zPhilippines
650 4 _aElectronic funds transfers
_xPeriodicals.
650 4 _aInternet banking
_xPeriodicals.
650 4 _aDigital payments
_xPeriodicals.
655 _aPeriodicals.
700 1 _aQuimba, Francis Mark A.,
_eeditor.
700 1 _aBarral, Mark Anthony A.,
_eeditor.
700 1 _aCarlos, Jean Clarisse T.,
_eeditor.
942 _2ddc
_n0
_cSERIALS
_iAn134
_kSER
_m2023
_h332.109599
999 _c31894
_d31894